000 00334nam a2200133Ia 4500
008 151001s9999||||xx |||||||||||||| ||und||
100 _aसुदर्शन भाटीया
245 _aमंथन
250 _a1
260 _bअभिव्यक्ती
260 _c2005
300 _a128
365 _b21
999 _c991046
_d991043